| 000 | 00862na a2200289 4500 | ||
|---|---|---|---|
| 001 | 15802 | ||
| 003 | MIRAKIL | ||
| 005 | 20181213154751.0 | ||
| 008 | 160929b tu 000 0 | ||
| 020 | _a9786054307593 | ||
| 035 | _a15802 | ||
| 040 |
_aMilas _btur _cTR-AnCHP |
||
| 082 |
_a956.22624 _bA72s 2010 |
||
| 090 | _a956.22624 A72s 2010 | ||
| 100 | _aAtayman, Veysel | ||
| 245 |
_aSamatya _bDinmeyen tını _cVeysel Atayman ; editör Rozerin Doğan |
||
| 246 | _aDinmeyen tını | ||
| 260 |
_aİstanbul _bHeyamola yayınları _c2010 |
||
| 300 |
_a133 s. _bres. _c20 sm. |
||
| 490 |
_aHeyamola Yayınları _v160 |
||
| 651 |
_aSamatya (İstanbul) _xTarih |
||
| 651 |
_aSamatya (İstanbul) _xGezi ve tanıtım |
||
| 651 |
_aİstanbul _xKültür _yTarih |
||
| 651 |
_aİstanbul _xTarih _yGezi ve tanıtım |
||
| 700 | _aDoğan, Rozerin | ||
| 942 |
_2ddc _cBKS |
||
| 999 |
_c496 _d496 |
||